000 00571nam a2200169 a 4500
008 120416s1996 ||||||||||||||||| || u
020 _a0582251648
050 _aTJ 145 Ben
100 _aBenham, Peter Phillip
245 1 0 _aMechanics of engineering materials
250 _a2nd ed.
260 _aHarlow, [Essex]
_bLongman
_c1996
300 _axiii, 627p. : ill.
350 _a0.00
700 _aArmstrong, C. G
995 _D0.00
_FCBU-MAIN LIBRARY (Kitwe)
_H1
_I19.50
_M1
_UAVAILABLE
_ZMain Library Open Access Collection
999 _c50911
_d50911